Flags Bordering Flags Quiz Stats

 Plays Quiz Updated Jul 17, 2018

Score 0/15 Timer 05:00
4 Plays Today
% Correct
Correct- The USA does border Canada
96.1%
Correct- Ireland does border the United Kingdom
84.6%
Correct- Portugal does border Spain
81.7%
Correct- Switzerland does border Italy
75.8%
Correct- Denmark does border Germany
73.4%
Correct- Lebanon does border Israel
73.2%
Correct- India does border China
72.1%
Correct- Norway does border Sweden
70.4%
% Correct
Correct- Turkey does border Greece
61.9%
Correct- Colombia does border Brazil
60.9%
Correct- Malaysia does border Indonesia
54.9%
Correct- Kenya does border Ethiopia
45.2%
Correct- Namibia does border South Africa
44.9%
Correct- Uzbekistan does border Kyrgyzstan
44.8%
Correct- Niger does border Nigeria
41.5%

You're not logged in!

Compare scores with friends on all Sporcle quizzes.
OR
Log In

Sporcle TV

Today on Sporcle TV


Watch our educational content, quiz creation guides, and fun videos on Sporcle TV.

Show Comments

Extras

Top Quizzes Today


Score Distribution

Your Account Isn't Verified!

In order to create a playlist on Sporcle, you need to verify the email address you used during registration. Go to your Sporcle Settings to finish the process.

Report this User

Report this user for behavior that violates our Community Guidelines.

Details: